Principles Of Programming Language (Record no. 301756)

MARC details
000 -LEADER
fixed length control field 00379nam a2200145Ia 4500
008 - FIXED-LENGTH DATA ELEMENTS--GENERAL INFORMATION
fixed length control field 230718s9999 xx 000 0 und d
041 ## - LANGUAGE CODE
Language code of text/sound track or separate title eng
082 ## - DEWEY DECIMAL CLASSIFICATION NUMBER
Classification number 005.13
Item number POT
100 ## - MAIN ENTRY--PERSONAL NAME
Personal name Potdar G.P.
245 ## - TITLE STATEMENT
Title Principles Of Programming Language
260 ## - PUBLICATION, DISTRIBUTION, ETC. (IMPRINT)
Date of publication, distribution, etc. 2000
Name of publisher, distributor, etc. Technova
365 ## - TRADE PRICE
Currency code Rs.
Price amount 290.00
700 ## - ADDED ENTRY--PERSONAL NAME
Personal name Potdar G.P. & Kajave
906 ## - LOCAL DATA ELEMENT F, LDF (RLIN)
d B:946419-Oct-2001
c COMP
b 43.5
Holdings
Withdrawn status Lost status Damaged status Not for loan Home library Current library Date acquired Vendor Budget Code Cost, normal purchase price Bill number Full call number Barcode Date last seen Discount Cost, replacement price Bill Date Koha item type Original Barcode
Withdrawn       Cummins College of Engineering for Women Pune Cummins College of Engineering for Women Pune 12/07/2001 Pradeep Book Distributors COMP 246.50 9464 005.13 CCEP-BK-12962 18/07/2023 43.5 290.00 19/10/2001 Books 012962